[Event "Kavala op 32nd"]
[Site "Kavala"]
[Date "2023.07.29"]
[Round "2"]
[White "Cuenca Jimenez, Jose Fernando"]
[Black "Herrera, Juan Sebastian"]
[Result "1-0"]
[WhiteElo "2529"]
[BlackElo "2259"]
[PlyCount "137"]
[EventDate "2023.07.28"]
[EventType "swiss"]
[EventRounds "9"]
[EventCountry "GRE"]
[SourceTitle "CBM 215 Extra"]
[Source "ChessBase"]
[SourceDate "2023.09.30"]
[SourceVersion "1"]
[SourceVersionDate "2023.09.30"]
[SourceQuality "1"]

1. c4 g6 2. Nc3 Bg7 3. d4 d6 4. Nf3 e5 5. dxe5 dxe5 6. Qxd8+ Kxd8 7. g3 c6 8. Bg2 f6 9. 0-0 Be6 10. b3 Nd7 11. Rd1 Kc7 12. Bb2 Nh6 13. Rac1 Rad8 14. Nd2 Nf7 15. Na4 Bh6 16. Bc3 Rhe8 17. Ba5+ b6 18. Bc3 f5 19. c5 e4 20. cxb6+ axb6 21. Bd4 Kb7 22. e3 c5 23. Ba1 Nde5 24. Nb2 Rd7 25. Ndc4 Rxd1+ 26. Rxd1 Ra8 27. Nxe5 Nxe5 28. Na4 Nc6 29. Rd6 Re8 30. Bf1 Kc7 31. Rd1 Rd8 32. Rxd8 Nxd8 33. Be5+ Kb7 34. Bb5 Nc6 35. Bf6 Bf8 36. Nc3 Na7 37. Be2 Kc7 38. g4 Bd7 39. gxf5 gxf5 40. Be5+ Kc6 41. Bc4 b5 42. Bd5+ Kb6 43. Bg8 h6 44. Nd5+ Ka5 45. Bc7+ Ka6 46. Nf6 Bc8 47. Bd5 b4 48. Bc4+ Kb7 49. Bf4 Kc6 50. h4 Be7 51. Be5 Nb5 52. h5 Nd6 53. Bd5+ Kb5 54. Ng8 Bf8 55. Bf4 c4 56. bxc4+ Nxc4 57. Bxh6 Bxh6 58. Nxh6 Ne5 59. Nf7 Nf3+ 60. Kg2 Kc5 61. Bb3 f4 62. exf4 Nh4+ 63. Kg3 Nf5+ 64. Kg4 Kd4 65. Kg5 e3 66. fxe3+ Nxe3 67. Nd6 Ba6 68. h6 Bd3 69. f5 1-0

[Event "Belgrade Serbia op"]
[Site "Belgrade"]
[Date "2023.07.22"]
[Round "7"]
[White "Herrera, Juan Sebastian"]
[Black "Srdanovic, Jovana"]
[Result "1/2-1/2"]
[WhiteElo "2277"]
[BlackElo "2032"]
[PlyCount "93"]
[EventDate "2023.07.16"]
[EventType "swiss"]
[EventRounds "9"]
[EventCountry "SRB"]
[SourceTitle "CBM 215 Extra"]
[Source "ChessBase"]
[SourceDate "2023.09.30"]
[SourceVersion "1"]
[SourceVersionDate "2023.09.30"]
[SourceQuality "1"]

1. d4 d5 2. c4 c6 3. Nc3 Nf6 4. e3 a6 5. Nf3 e6 6. Bd3 dxc4 7. Bxc4 c5 8. a4 Nc6 9. 0-0 Be7 10. Qe2 cxd4 11. Rd1 0-0 12. exd4 Nb4 13. Ne5 Nfd5 14. Qf3 b6 15. Qg3 Kh8 16. a5 f6 17. Bxd5 exd5 18. Nf3 bxa5 19. Bf4 Ra7 20. Na4 Bf5 21. Nc5 g5 22. Be3 Bd6 23. Ne5 Nc2 24. Nc6 Bxg3 25. Nxd8 Rxd8 26. hxg3 Nxa1 27. Rxa1 Rb8 28. b3 Bc2 29. Ra3 Rb4 30. g4 h6 31. Kf1 Re7 32. Kg1 Rb5 33. Bd2 a4 34. bxa4 Rb1+ 35. Kh2 Re2 36. Be3 a5 37. Rc3 Rb4 38. Kg3 Bxa4 39. Ra3 Bb5 40. Rxa5 Rc2 41. Ra8+ Kg7 42. Rd8 Bc4 43. Rd7+ Kg8 44. Rd6 Kf7 45. Rd7+ Kg8 46. Ne6 Rb6 47. Ng7 1/2-1/2

[Event "Belgrade Serbia op"]
[Site "Belgrade"]
[Date "2023.07.18"]
[Round "3"]
[White "Herrera, Juan Sebastian"]
[Black "Vershinin, Igor"]
[Result "1-0"]
[WhiteElo "2277"]
[BlackElo "2027"]
[PlyCount "107"]
[EventDate "2023.07.16"]
[EventType "swiss"]
[EventRounds "9"]
[EventCountry "SRB"]
[SourceTitle "CBM 215 Extra"]
[Source "ChessBase"]
[SourceDate "2023.09.30"]
[SourceVersion "1"]
[SourceVersionDate "2023.09.30"]
[SourceQuality "1"]

1. d4 d5 2. c4 e6 3. Nc3 c6 4. e3 f5 5. Nf3 Nf6 6. Bd3 Bd6 7. 0-0 0-0 8. b3 Qe7 9. Bb2 Ne4 10. Ne2 Nd7 11. Ne5 Nxe5 12. dxe5 Bc5 13. Qc2 b6 14. Nd4 Bxd4 15. exd4 dxc4 16. Bxe4 fxe4 17. bxc4 Ba6 18. Rac1 c5 19. Qxe4 cxd4 20. Qxd4 Rad8 21. Qe3 Qh4 22. Rfe1 Rc8 23. c5 bxc5 24. Rxc5 Rxc5 25. Qxc5 Bb7 26. Ba3 Rc8 27. Qxa7 Bd5 28. Qe3 Bxa2 29. Rd1 Bd5 30. Rd4 Qh5 31. h3 Qf7 32. Rf4 Qb7 33. Rg4 Qb1+ 34. Kh2 h5 35. Rg5 Qe4 36. Qg3 Rc7 37. Rxh5 Rf7 38. Rh4 Qe2 39. Bc5 Rf5 40. Bd4 Rf7 41. Rg4 Rd7 42. Be3 Qd3 43. Qh4 Qh7 44. Qg3 Qd3 45. Rd4 Qf5 46. Rf4 Qh5 47. Rg4 Rf7 48. Rg6 Kh7 49. Rg5 Qd1 50. Qh4+ Kg8 51. Rh5 Rf5 52. Rh8+ Kf7 53. Qd8 Qa4 54. Qg8+ 1-0

[Event "Titled Tuesday intern op 27th Jun Late"]
[Site "Chess.com INT"]
[Date "2023.06.27"]
[Round "1"]
[White "Haydon, David Leslie"]
[Black "Herrera, Juan Sebastian"]
[Result "1-0"]
[WhiteElo "2230"]
[BlackElo "2277"]
[PlyCount "75"]
[EventDate "2023.06.27"]
[EventType "swiss (blitz)"]
[EventRounds "11"]
[EventCountry "USA"]
[SourceTitle "EXT 2024"]
[Source "ChessBase"]
[SourceDate "2023.10.10"]
[SourceVersion "1"]
[SourceVersionDate "2023.10.10"]
[SourceQuality "1"]

1. d4 d5 2. Nf3 Nf6 3. Bf4 g6 4. e3 Bg7 5. h3 0-0 6. Bd3 c5 7. c3 Nc6 8. dxc5 Nd7 9. Bh2 Nxc5 10. Bc2 a5 11. 0-0 b6 12. Nbd2 Bb7 13. Nb3 e5 14. Re1 Qe7 15. Nxc5 bxc5 16. e4 d4 17. cxd4 cxd4 18. a3 Rfd8 19. Bd3 a4 20. Rc1 h6 21. Bb5 Na5 22. Qxa4 d3 23. Nd2 Rd4 24. b4 Nc4 25. Qd1 Nxa3 26. Ba4 Qxb4 27. Bb3 Rad8 28. Rc7 R8d7 29. Rxd7 Rxd7 30. f4 Nc2 31. fxe5 Nxe1 32. e6 Qb6+ 33. Kh1 Qf2 34. Qg4 Rd8 35. exf7+ Kh7 36. Bf4 h5 37. Qg5 Bf6 38. Qh6# 1-0

[Event "Titled Tuesday intern op 27th Jun Late"]
[Site "Chess.com INT"]
[Date "2023.06.27"]
[Round "2"]
[White "Herrera, Juan Sebastian"]
[Black "Sanchez, Roberto Daniel"]
[Result "0-1"]
[WhiteElo "2277"]
[BlackElo "1966"]
[PlyCount "120"]
[EventDate "2023.06.27"]
[EventType "swiss (blitz)"]
[EventRounds "11"]
[EventCountry "USA"]
[SourceTitle "EXT 2024"]
[Source "ChessBase"]
[SourceDate "2023.10.10"]
[SourceVersion "1"]
[SourceVersionDate "2023.10.10"]
[SourceQuality "1"]

1. Nf3 Nf6 2. g3 d5 3. Bg2 Nc6 4. 0-0 e5 5. d3 Be6 6. Nbd2 Qd7 7. Re1 0-0-0 8. e4 d4 9. a4 h5 10. Ng5 h4 11. Nxe6 fxe6 12. Nc4 Kb8 13. Bg5 hxg3 14. hxg3 Qf7 15. Rb1 Qg6 16. Bd2 Bd6 17. b4 Rdf8 18. b5 Ne7 19. Nxd6 cxd6 20. Bb4 Nc8 21. Bf3 Qh6 22. Qd2 Qh2+ 23. Kf1 Nh5 24. Bxh5 Rxh5 25. Ke2 Rxf2+ 26. Kd1 Rxd2+ 27. Bxd2 Qxg3 28. Kc1 Rh2 29. Rd1 Qf2 30. Kb2 g5 31. Rbc1 g4 32. Be1 Qg2 33. Bb4 Kc7 34. Rf1 Rh7 35. Rg1 Qh3 36. Rcf1 g3 37. Rf3 Rg7 38. Be1 Nb6 39. a5 Na4+ 40. Ka3 Nc3 41. Rfxg3 Rxg3 42. Rxg3 Qf1 43. Rg7+ Kc8 44. Rg8+ Kd7 45. Rg7+ Ke8 46. Bxc3 dxc3 47. Rxb7 Qb1 48. a6 Qb2+ 49. Ka4 Qxc2+ 50. Kb4 Qb2+ 51. Kc4 c2 52. Rb8+ Ke7 53. Rb7+ Kf6 54. Rf7+ Kxf7 55. d4 c1Q+ 56. Kd3 Qxd4+ 57. Ke2 Qc2+ 58. Kf3 Qcc3+ 59. Ke2 Qdd2+ 60. Kf1 Qcc1# 0-1

[Event "Titled Tuesday intern op 20th Jun Late"]
[Site "Chess.com INT"]
[Date "2023.06.20"]
[Round "1"]
[White "Herrera, Juan Sebastian"]
[Black "Fiorito, Joaquin"]
[Result "0-1"]
[WhiteElo "2277"]
[BlackElo "2409"]
[PlyCount "86"]
[EventDate "2023.06.20"]
[EventType "swiss (blitz)"]
[EventRounds "11"]
[EventCountry "USA"]
[SourceTitle "EXT 2024"]
[Source "ChessBase"]
[SourceDate "2023.10.10"]
[SourceVersion "1"]
[SourceVersionDate "2023.10.10"]
[SourceQuality "1"]

1. d4 Nf6 2. c4 e6 3. Nf3 d5 4. g3 Bb4+ 5. Bd2 a5 6. Bg2 0-0 7. 0-0 dxc4 8. Qc2 Bxd2 9. Qxd2 b5 10. Na3 c6 11. Ne5 Nd5 12. e4 Ne7 13. Rad1 Bb7 14. d5 cxd5 15. exd5 Bxd5 16. Nxb5 Qb6 17. Na3 Qc5 18. Nexc4 Bxg2 19. Kxg2 Nbc6 20. Qd6 Qh5 21. Qf4 Rad8 22. Qf3 Qc5 23. Rc1 Nd4 24. Qe4 Ng6 25. Ne3 Qb4 26. Nac4 f5 27. Qb1 f4 28. gxf4 Qb7+ 29. f3 Nxf4+ 30. Kg3 Nfe2+ 31. Kf2 Rxf3+ 32. Ke1 Rxf1+ 33. Nxf1 Nxc1 34. Qxc1 Qe4+ 35. Nfe3 Qf3 36. Qd2 Qh1+ 37. Kf2 Qxh2+ 38. Ng2 Rf8+ 39. Ke3 Nf5+ 40. Ke4 Qg3 41. Ne5 Kh8 42. Nf4 Nh6 43. Qd3 Qxf4# 0-1

[Event "Titled Tuesday intern op 20th Jun Late"]
[Site "Chess.com INT"]
[Date "2023.06.20"]
[Round "3"]
[White "Herrera, Juan Sebastian"]
[Black "Koellner, Ruben Gideon"]
[Result "0-1"]
[WhiteElo "2277"]
[BlackElo "2429"]
[PlyCount "154"]
[EventDate "2023.06.20"]
[EventType "swiss (blitz)"]
[EventRounds "11"]
[EventCountry "USA"]
[SourceTitle "EXT 2024"]
[Source "ChessBase"]
[SourceDate "2023.10.10"]
[SourceVersion "1"]
[SourceVersionDate "2023.10.10"]
[SourceQuality "1"]

1. d4 d6 2. c4 e5 3. dxe5 dxe5 4. Qxd8+ Kxd8 5. g3 Be6 6. Bg2 c6 7. b3 Nd7 8. Bb2 Kc7 9. Nd2 f6 10. 0-0-0 Nh6 11. Ngf3 Bc5 12. Ne4 Be7 13. Nc3 a5 14. Kc2 Ng4 15. Rhf1 Bc5 16. e3 Bf5+ 17. e4 Be6 18. Rd2 Rad8 19. h3 Nh6 20. Na4 Ba7 21. Bc3 b6 22. Nb2 Nc5 23. Re2 Nf7 24. Nh4 Nd6 25. f4 exf4 26. gxf4 Rhe8 27. Rfe1 g5 28. Bxf6 gxh4 29. f5 Bc8 30. Bxd8+ Rxd8 31. f6 Nf7 32. e5 Bf5+ 33. Kc1 Ne6 34. Be4 Bxh3 35. Rh1 Bg4 36. Rg2 h5 37. Rxh4 Nxe5 38. Rh1 Nf4 39. Rf2 Ne2+ 40. Kb1 Nc3+ 41. Kc2 Nxe4 42. Rf4 Nc5 43. Re1 Nf7 44. a3 Ne6 45. Rfe4 Neg5 46. Re7+ Rd7 47. Re8 Bf5+ 48. Kc3 h4 49. b4 axb4+ 50. axb4 h3 51. R1e2 Kb7 52. Kb3 Bb8 53. Na4 h2 54. Re1 Be4 55. Re7 Rxe7 56. fxe7 Nd6 57. c5 Ne8 58. Nc3 h1Q 59. Rxh1 Bxh1 60. cxb6 Kxb6 61. b5 cxb5 62. Kb4 Bd6+ 63. Kb3 Bc6 64. Ne2 Bxe7 65. Nd4 Bd5+ 66. Kc3 b4+ 67. Kc2 Bc4 68. Nf5 Bc5 69. Kb2 Nd6 70. Ne7 Bd4+ 71. Kc2 b3+ 72. Kd2 b2 73. Kc2 Bd3+ 74. Kd2 b1Q 75. Nc8+ Kc7 76. Nb6 Qc2+ 77. Ke1 Qe2# 0-1

[Event "Titled Tuesday intern op 20th Jun Late"]
[Site "Chess.com INT"]
[Date "2023.06.20"]
[Round "6"]
[White "Herrera, Juan Sebastian"]
[Black "Mizzi, Jack"]
[Result "0-1"]
[WhiteElo "2277"]
[BlackElo "1986"]
[PlyCount "66"]
[EventDate "2023.06.20"]
[EventType "swiss (blitz)"]
[EventRounds "11"]
[EventCountry "USA"]
[SourceTitle "EXT 2024"]
[Source "ChessBase"]
[SourceDate "2023.10.10"]
[SourceVersion "1"]
[SourceVersionDate "2023.10.10"]
[SourceQuality "1"]

1. d4 Nf6 2. c4 e6 3. g3 d5 4. Nf3 dxc4 5. Bg2 Bd7 6. Ne5 Bc6 7. Nxc6 Nxc6 8. Qa4 Qd7 9. Qxc4 Nxd4 10. 0-0 c5 11. Nc3 Be7 12. Be3 0-0 13. Rfd1 Rfd8 14. h3 Rac8 15. a4 e5 16. Bg5 Qe6 17. Qxe6 Nxe6 18. Bxf6 Bxf6 19. Rxd8+ Rxd8 20. Bxb7 Rb8 21. Bd5 Rxb2 22. Ne4 Rxe2 23. Rb1 h6 24. Rb8+ Kh7 25. Rb7 Kg6 26. Nd6 Nd8 27. Rxa7 Kh7 28. a5 Rd2 29. Be4+ Kg8 30. Ne8 c4 31. Rc7 Rd4 32. Bf3 e4 33. Be2 Be5 0-1

[Event "Palmira Fortalece Sede"]
[Site "Palmira"]
[Date "2022.12.15"]
[Round "5"]
[White "Argote Heredia, Valentina"]
[Black "Herrera, Juan Sebastian"]
[Result "1-0"]
[WhiteElo "2165"]
[BlackElo "2316"]
[PlyCount "99"]
[EventDate "2022.12.13"]
[EventType "swiss"]
[EventRounds "10"]
[EventCountry "COL"]
[SourceTitle "CBM 211 Extra"]
[Source "ChessBase"]
[SourceDate "2023.01.31"]
[SourceVersion "1"]
[SourceVersionDate "2023.01.31"]
[SourceQuality "1"]

1. e4 c5 2. Nf3 e6 3. d4 cxd4 4. Nxd4 a6 5. c4 Nf6 6. Nc3 Bb4 7. Qd3 d5 8. exd5 exd5 9. Be2 0-0 10. 0-0 Nc6 11. Nxc6 bxc6 12. Bg5 a5 13. a3 Bxc3 14. bxc3 Ba6 15. Qf3 h6 16. Be3 Re8 17. Rfe1 Ne4 18. cxd5 Bxe2 19. Qxe2 Nxc3 20. Qg4 Re4 21. Qh3 Nxd5 22. Bd2 Rd4 23. Bc3 Rc4 24. Be5 Qg5 25. Qb3 Rg4 26. Bg3 Qf5 27. Rac1 Qd7 28. Rc5 h5 29. h3 Rg6 30. Qa4 Qa7 31. Rec1 Rxg3 32. fxg3 Nb6 33. Qd4 Nd7 34. R5c4 c5 35. Qe3 Rb8 36. Rd1 a4 37. Qe7 Qa6 38. Rc3 Nf6 39. Rd8+ Rxd8 40. Qxd8+ Kh7 41. Qd3+ Qxd3 42. Rxd3 Ne4 43. Rd7 Kg6 44. Ra7 Nc3 45. Ra5 c4 46. Kf2 Nb1 47. Ke3 Nxa3 48. Kd2 c3+ 49. Kxc3 f6 50. Rc5 1-0

[Event "Palmira Fortalece Sede"]
[Site "Palmira"]
[Date "2022.12.14"]
[Round "2"]
[White "Herrera, Juan Sebastian"]
[Black "Campos Gomez, Manuel"]
[Result "1/2-1/2"]
[WhiteElo "2316"]
[BlackElo "2331"]
[PlyCount "105"]
[EventDate "2022.12.13"]
[EventType "swiss"]
[EventRounds "10"]
[EventCountry "COL"]
[SourceTitle "CBM 211 Extra"]
[Source "ChessBase"]
[SourceDate "2023.01.31"]
[SourceVersion "1"]
[SourceVersionDate "2023.01.31"]
[SourceQuality "1"]

1. d4 Nf6 2. c4 b6 3. Nc3 Bb7 4. f3 d5 5. cxd5 Nxd5 6. e4 Nxc3 7. bxc3 e5 8. Ne2 Nd7 9. Ng3 g6 10. Bc4 Bg7 11. Ba3 Qf6 12. Qb3 a6 13. 0-0 exd4 14. Rad1 d3 15. f4 b5 16. Bd5 Bxd5 17. Qxd5 Nb6 18. e5 Nxd5 19. exf6 Bxf6 20. Rfe1+ Kd7 21. Rxd3 Kc6 22. c4 Nxf4 23. Rf3 g5 24. Rc1 Kb7 25. Kf1 Rhe8 26. Rb3 Kb6 27. cxb5 axb5 28. Bc5+ Ka6 29. Bf2 Ne6 30. a4 Reb8 31. Ne4 Be7 32. axb5+ Rxb5 33. Rc6+ Ka5 34. Be1+ Ka4 35. Rf3 Bb4 36. Nc3+ Bxc3 37. Rcxc3 Rbb8 38. Rc4+ Kb5 39. Rc1 c5 40. h4 g4 41. Rf5 Rc8 42. Bf2 Rc7 43. Rh5 f6 44. Re1 Ra6 45. Rf5 Ng7 46. Rb1+ Kc4 47. Rc1+ Kb5 48. Rb1+ Kc4 49. Rc1+ Kb5 50. Rb1+ Kc4 51. Rc1+ Kd3 52. Rfxc5 Rxc5 53. Bxc5 1/2-1/2

[Event "Jamundi Fortalece Sede op"]
[Site "Jamundi"]
[Date "2022.12.09"]
[Round "8"]
[White "Herrera, Juan Sebastian"]
[Black "Cruz, Cristhian"]
[Result "0-1"]
[WhiteElo "2316"]
[BlackElo "2532"]
[PlyCount "126"]
[EventDate "2022.12.05"]
[EventType "swiss"]
[EventRounds "10"]
[EventCountry "COL"]
[SourceTitle "CBM 211 Extra"]
[Source "ChessBase"]
[SourceDate "2023.01.31"]
[SourceVersion "1"]
[SourceVersionDate "2023.01.31"]
[SourceQuality "1"]

1. d4 e6 2. c4 Nf6 3. Nc3 d5 4. cxd5 exd5 5. Bg5 c6 6. Qc2 h6 7. Bh4 Be7 8. e3 0-0 9. Bd3 Re8 10. Nge2 a5 11. 0-0 Nbd7 12. f3 b5 13. Kh1 Ba6 14. Rad1 Qb8 15. Bf2 a4 16. Bg1 Qb7 17. a3 b4 18. axb4 Bxd3 19. Rxd3 Qxb4 20. e4 Nb6 21. Ra1 Reb8 22. e5 Nh7 23. Na2 Qa5 24. b3 axb3 25. Rxb3 Nc4 26. Rxb8+ Rxb8 27. Qc3 Ra8 28. Qxa5 Rxa5 29. Nec3 Ba3 30. Nc1 Bxc1 31. Rxc1 Ng5 32. h4 Ne6 33. Ne4 Nxe5 34. Nd6 Nd3 35. Rxc6 Ra1 36. Rc8+ Kh7 37. Nxf7 Ndf4 38. h5 Nxh5 39. Rh8+ Kg6 40. Ne5+ Kg5 41. Re8 Nef4 42. Ng4 Ng3+ 43. Kh2 Nf1+ 44. Kh1 Ne2 45. Rxe2 Ng3+ 46. Kh2 Nxe2 47. Bf2 Kf5 48. Ne5 Ra4 49. g4+ Ke6 50. Nd3 Kd6 51. Nc5 Rc4 52. Nb7+ Kd7 53. Nc5+ Ke7 54. Nd3 Nxd4 55. Ne5 Rc2 56. Kg1 Ne6 57. Kf1 d4 58. Ke1 Rc3 59. Kd2 Kd6 60. Bxd4 Nxd4 61. Nf7+ Ke7 62. Kxc3 Nxf3 63. Nh8 Nh4 0-1

[Event "Jamundi Fortalece Sede op"]
[Site "Jamundi"]
[Date "2022.12.07"]
[Round "4"]
[White "Delgado Ramirez, Neuris"]
[Black "Herrera, Juan Sebastian"]
[Result "1-0"]
[WhiteElo "2572"]
[BlackElo "2316"]
[PlyCount "71"]
[EventDate "2022.12.05"]
[EventType "swiss"]
[EventRounds "10"]
[EventCountry "COL"]
[SourceTitle "CBM 211 Extra"]
[Source "ChessBase"]
[SourceDate "2023.01.31"]
[SourceVersion "1"]
[SourceVersionDate "2023.01.31"]
[SourceQuality "1"]

1. e4 c5 2. Nf3 e6 3. b3 a6 4. Bb2 Nc6 5. g3 d5 6. e5 g5 7. h3 Bg7 8. Qe2 h6 9. c3 Nge7 10. d4 Qa5 11. Nbd2 Bd7 12. a3 cxd4 13. cxd4 Qb6 14. b4 Na5 15. Qd1 Rc8 16. Rc1 0-0 17. Rc5 Nac6 18. Bd3 f6 19. exf6 Rxf6 20. 0-0 Rcf8 21. h4 gxh4 22. Nxh4 Be8 23. Qe2 Qc7 24. f4 Ng6 25. Ng2 Qd6 26. Nf3 Nce7 27. Ne3 Nxf4 28. gxf4 Qxf4 29. Qe1 Bg6 30. Ng2 Bxd3 31. Nxf4 Bxf1 32. Bc1 Bb5 33. Rc7 Ng6 34. Qg3 R8f7 35. Rxf7 Kxf7 36. Ne5+ 1-0

[Event "Sabaneta op-A 1st"]
[Site "Sabaneta"]
[Date "2022.12.01"]
[Round "10"]
[White "Del Rey, Diego"]
[Black "Herrera, Juan Sebastian"]
[Result "0-1"]
[WhiteElo "2341"]
[BlackElo "2297"]
[PlyCount "56"]
[EventDate "2022.11.25"]
[EventType "swiss"]
[EventRounds "10"]
[EventCountry "COL"]
[SourceTitle "CBM 211 Extra"]
[Source "ChessBase"]
[SourceDate "2023.01.31"]
[SourceVersion "1"]
[SourceVersionDate "2023.01.31"]
[SourceQuality "1"]

1. d4 g6 2. e4 Bg7 3. c4 d6 4. Nc3 e5 5. d5 a5 6. Bd3 Na6 7. Nge2 Qh4 8. 0-0 Nh6 9. f3 f5 10. Be3 f4 11. Bf2 Qe7 12. a3 g5 13. b4 g4 14. Kh1 Bf6 15. c5 Qf7 16. cxd6 Qh5 17. Bg1 gxf3 18. gxf3 Bh3 19. Nc1 Bh4 20. Ra2 cxd6 21. b5 Nb8 22. b6 Nd7 23. Nb5 Ke7 24. Nb3 a4 25. Nd2 Rag8 26. Nc4 Rg5 27. Ncxd6 Rhg8 28. Nxb7 Bxf1 0-1

[Event "Sabaneta op-A 1st"]
[Site "Sabaneta"]
[Date "2022.11.28"]
[Round "6"]
[White "Herrera, Juan Sebastian"]
[Black "Avila Pavas, Santiago"]
[Result "0-1"]
[WhiteElo "2297"]
[BlackElo "2461"]
[PlyCount "76"]
[EventDate "2022.11.25"]
[EventType "swiss"]
[EventRounds "10"]
[EventCountry "COL"]
[SourceTitle "CBM 211 Extra"]
[Source "ChessBase"]
[SourceDate "2023.01.31"]
[SourceVersion "1"]
[SourceVersionDate "2023.01.31"]
[SourceQuality "1"]

1. d4 Nf6 2. c4 c5 3. d5 b5 4. cxb5 a6 5. b6 e6 6. Nc3 Nxd5 7. Nxd5 exd5 8. Qxd5 Nc6 9. Nf3 Rb8 10. e4 Be7 11. Bc4 0-0 12. 0-0 Rxb6 13. Bd2 d6 14. Bc3 Bg4 15. Qd3 Bf6 16. Rad1 Bd4 17. h3 Bxf3 18. Qxf3 Qg5 19. Kh1 Bxc3 20. bxc3 Rb2 21. Rd5 Ne5 22. Qd1 Qf4 23. Bxa6 Rxf2 24. Rxf2 Qxf2 25. Rd2 Qe3 26. Rxd6 Qxc3 27. a4 g6 28. Rd5 Kg7 29. Qg1 c4 30. Qc5 Re8 31. Bb5 Re6 32. Rd8 Qe1+ 33. Kh2 Qxe4 34. Rc8 Nf3+ 35. Kg3 Qh4+ 36. Kxf3 Rf6+ 37. Ke2 Qe4+ 38. Qe3 Qxg2+ 0-1

[Event "COL-chT Rapid"]
[Site "Santa Marta"]
[Date "2022.11.04"]
[Round "5.3"]
[White "Herrera, Juan Sebastian"]
[Black "Dominguez, Ramiro"]
[Result "1-0"]
[WhiteElo "2328"]
[BlackElo "2120"]
[PlyCount "69"]
[EventDate "2022.11.02"]
[EventType "team-swiss"]
[EventRounds "7"]
[EventCountry "COL"]
[SourceTitle "CBM 211 Extra"]
[Source "ChessBase"]
[SourceDate "2023.01.31"]
[SourceVersion "1"]
[SourceVersionDate "2023.01.31"]
[SourceQuality "1"]
[WhiteTeam "Valle"]
[BlackTeam "Bolivar"]
[WhiteTeamCountry "COL"]
[BlackTeamCountry "COL"]

1. d4 Nf6 2. c4 e6 3. Nc3 d5 4. cxd5 exd5 5. Bg5 c6 6. Qc2 Be7 7. e3 Nbd7 8. Bd3 h6 9. Bh4 0-0 10. Nge2 Re8 11. 0-0 b6 12. Rad1 Bb7 13. f3 c5 14. Kh1 Rc8 15. Bf5 Rc6 16. dxc5 Rxc5 17. Qb3 Qa8 18. e4 dxe4 19. Bxd7 exf3 20. gxf3 Bxf3+ 21. Kg1 Rg5+ 22. Bxg5 Bc5+ 23. Nd4 Nxd7 24. Bh4 Qc6 25. Bg3 Nf6 26. Rf2 Bxd4 27. Rxd4 Re1+ 28. Rf1 Rxf1+ 29. Kxf1 Bg2+ 30. Ke1 Qf3 31. Rd8+ Kh7 32. Qc2+ g6 33. Qf2 Qc6 34. Rd6 Qe8+ 35. Qe2 1-0

[Event "Medellin Raza Cup"]
[Site "Medellin"]
[Date "2022.10.22"]
[Round "8"]
[White "Avila Pavas, Santiago"]
[Black "Herrera, Juan Sebastian"]
[Result "1-0"]
[WhiteElo "2460"]
[BlackElo "2281"]
[PlyCount "61"]
[EventDate "2022.10.19"]
[EventType "swiss"]
[EventRounds "10"]
[EventCountry "COL"]
[SourceTitle "EXT 2024"]
[Source "ChessBase"]
[SourceDate "2023.10.10"]
[SourceVersion "1"]
[SourceVersionDate "2023.10.10"]
[SourceQuality "1"]

1. e4 c5 2. Nf3 e6 3. g3 d5 4. exd5 exd5 5. d4 Nc6 6. Bg2 Bg4 7. 0-0 cxd4 8. c3 dxc3 9. Qa4 Qd7 10. Nxc3 d4 11. Nb5 Nf6 12. Bf4 Nd5 13. Ne5 Nxe5 14. Bxd5 Nd3 15. Nc7+ Kd8 16. Qxd7+ Kxd7 17. Nxa8 Nxf4 18. gxf4 Be2 19. Rfc1 Bd6 20. Bxb7 d3 21. Bc6+ Ke7 22. Rc3 Bxf4 23. Bb5 Rd8 24. Bxd3 Bxd3 25. Re1+ Kf6 26. Rd1 Rxa8 27. Rdxd3 Rb8 28. b3 Re8 29. Rd7 a5 30. Rc6+ Kg5 31. Rxf7 1-0

[Event "COL-chT Blitz"]
[Site "Santander"]
[Date "2022.10.09"]
[Round "8.1"]
[White "Rodriguez Velasco, German Enrique"]
[Black "Herrera, Juan Sebastian"]
[Result "0-1"]
[WhiteElo "2151"]
[BlackElo "2329"]
[PlyCount "46"]
[EventDate "2022.09.10"]
[EventType "team-swiss (blitz)"]
[EventRounds "9"]
[EventCountry "COL"]
[SourceTitle "EXT 2023"]
[Source "ChessBase"]
[SourceDate "2022.10.05"]
[SourceVersion "1"]
[SourceVersionDate "2022.10.05"]
[SourceQuality "1"]
[WhiteTeam "Boyaca"]
[BlackTeam "Valle"]
[WhiteTeamCountry "COL"]
[BlackTeamCountry "COL"]

1. d4 g6 2. Nf3 Bg7 3. c4 d6 4. Nc3 e5 5. d5 a5 6. e4 Na6 7. Be3 f5 8. exf5 gxf5 9. Ng5 Nf6 10. f4 0-0 11. Be2 Ng4 12. Bxg4 fxg4 13. 0-0 exf4 14. Rxf4 Rxf4 15. Bxf4 Qf6 16. g3 Nc5 17. Qe2 Bd7 18. Rf1 Re8 19. Qd1 h6 20. Ne6 Nxe6 21. dxe6 Qd4+ 22. Kg2 Bc6+ 23. Nd5 Qe4+ 0-1

[Event "COL-chT"]
[Site "Bucaramanga"]
[Date "2022.09.07"]
[Round "2.4"]
[White "Herrera, Juan Sebastian"]
[Black "Romero Mora, Elvert"]
[Result "1-0"]
[WhiteElo "2284"]
[BlackElo "1954"]
[PlyCount "63"]
[EventDate "2022.09.06"]
[EventType "team-swiss"]
[EventRounds "7"]
[EventCountry "COL"]
[SourceTitle "CBM 210 Extra"]
[Source "ChessBase"]
[SourceDate "2022.11.30"]
[SourceVersion "1"]
[SourceVersionDate "2022.11.30"]
[SourceQuality "1"]
[WhiteTeam "Valle"]
[BlackTeam "Boyaca"]
[WhiteTeamCountry "COL"]
[BlackTeamCountry "COL"]

1. d4 Nf6 2. c4 g6 3. Nc3 Bg7 4. e4 d6 5. h3 0-0 6. Nf3 e5 7. d5 a5 8. g4 Na6 9. Be3 Nc5 10. Nd2 c6 11. a3 cxd5 12. cxd5 Bd7 13. b4 Na6 14. Qb3 axb4 15. axb4 Nc7 16. Rc1 b5 17. Be2 Qb8 18. 0-0 Rc8 19. Rc2 h6 20. Qb2 Nh7 21. Nb3 f5 22. f3 Na6 23. Na5 Qc7 24. Nc6 Bxc6 25. Nxb5 Qe7 26. dxc6 fxe4 27. fxe4 Rf8 28. Rxf8+ Rxf8 29. Kg2 Qh4 30. Nxd6 Ng5 31. Bc4+ Kh7 32. Bxg5 1-0

[Event "COL-ch"]
[Site "Boyaca"]
[Date "2022.08.21"]
[Round "8"]
[White "Zuluaga Mancilla, Cesar"]
[Black "Herrera, Juan Sebastian"]
[Result "0-1"]
[WhiteElo "2229"]
[BlackElo "2273"]
[PlyCount "115"]
[EventDate "2022.08.17"]
[EventType "swiss"]
[EventRounds "9"]
[EventCountry "COL"]
[SourceTitle "CBM 210 Extra"]
[Source "ChessBase"]
[SourceDate "2022.11.30"]
[SourceVersion "1"]
[SourceVersionDate "2022.11.30"]
[SourceQuality "1"]

1. d4 Nf6 2. c4 g6 3. Nc3 Bg7 4. Nf3 0-0 5. e4 d6 6. h3 e5 7. dxe5 dxe5 8. Qxd8 Rxd8 9. Bg5 Re8 10. Rd1 c6 11. Be2 Nbd7 12. Be3 Bf8 13. Nd2 Bc5 14. Bxc5 Nxc5 15. 0-0 a5 16. Rfe1 h5 17. Bf1 Nfd7 18. b3 Nf8 19. Nf3 f6 20. Rd6 Kf7 21. Red1 Ke7 22. R6d2 g5 23. h4 Bg4 24. Be2 Bxf3 25. Bxf3 g4 26. Be2 Nfe6 27. g3 Nd4 28. Kg2 Rg8 29. f3 f5 30. f4 fxe4 31. fxe5 Nf5 32. Kh2 e3 33. Rb2 Ke6 34. Bd3 Nd4 35. Bh7 Rgd8 36. Kg2 Nf3 37. Re2 Rd2 38. Rexd2 exd2 39. Kf2 Kxe5 40. Nb1 Rd8 41. Ke3 b5 42. cxb5 cxb5 43. Nxd2 Rxd2 44. Rxd2 Nxd2 45. Kxd2 Ne4+ 46. Ke3 Nxg3 47. Bg6 Nf5+ 48. Kf2 g3+ 49. Kf1 Nxh4 50. Bxh5 b4 51. Ke2 Kd4 52. Be8 Kc3 53. Ba4 Kb2 54. Kf1 Kxa2 55. Ke2 Kb2 56. Kf1 Kc3 57. Ke2 Nf5 58. Ke1 0-1